000 00625nam a2200277Ia 4500
005 20260324150838.0
008 008 260324s9999 xx 000 0 eng d
020 _a9781003139911
037 _aEBOOK
040 _aCRL
040 _beng
040 _cCRL
041 _2eng
041 _aeng
084 _qCRL
100 _aGeorge E. G. Catlin
_91227820
245 0 _aPreface to Action
260 _bTaylor and Francis
260 _c1934
365 _a
365 _b205
856 _uhttp://www.taylorfrancis.com/books/9781003139911
942 _cEBOOK
999 _c1837984
_d1837984